Reforming school finance.

Salvato in:
Dettagli Bibliografici
Autore principale: Reischauer, Robert D. (autor)
Altri autori: Hartman, Robert W. (autor) (autor)
Natura: Libro
Lingua:inglese
Serie:(Studies in social economics)
Soggetti:
Tags: Aggiungi Tag
Nessun Tag, puoi essere il primo ad aggiungerne!!

MARC

LEADER 00000cam^a2200000uu^4500
001 000475780
005 20250521000000.0
008 050901s1973^^^^^^^^^^^^rd^r^^000^0^eng^d
009 20260310124810.496
022 |a 081577396X 
035 |a FCE 000018646 
035 |a FCE 022624 
037 |a Acervo ITESO - Biblioteca 
041 |a eng 
082 0 4 |a 379.1173  |b REIr 
100 |a Reischauer, Robert D.  |e (autor) 
245 1 0 |a Reforming school finance. 
264 |a Estados Unidos :  |b The Brookings Institution,  |c 1973. 
300 |a 185 p. 
336 |a texto  |b txt  |2 rdacontenido 
337 |a sin mediación  |b n  |2 rdamedio 
338 |a volumen  |b nc  |2 rdasoporte 
440 0 |a (Studies in social economics) 
649 |a XX 
650 |a Economía de la educación 
650 |a Financiamiento educativo 
650 |a Reforma de la educación 
650 |a Educación pública 
650 |a Educación privada 
650 |a Propuesta de reforma 
650 |a Estados Unidos 
700 |a Hartman, Robert W.  |e (autor) 
910 |a Fondo Centro de Estudios Educativos 
920 |a Impresos - Libros 
930 |a Fondos Especiales 
905 |a 133 
901 |a ALE022624  |b IT2  |c CEE  |u 20250521 
902 |a https://opac.biblio.iteso.mx/vufind/Record/000475780